00856nam a2200241Ia 4500001000600000003000900006008004100015040001300056040001300069041001200082100002500094100002900119245005300148245006400201250001100265260001300276260003200289260004900321300005700370500013200427650002400559650003100583F0343IT-RoPAU130308s9999 xx 000 0 und d aIT-RoPAU cIT-RoPAU aINGLESE aWitherow David M. L. gCodice Aut. SPICS: 50146 aNew Possibilities for International Broadcasting bFirst International Simposium On Digital Audio Broadcasting a1a ed. aSVIZZERA bEuropean Broadcasting Union c1992 [1° Ed.:1992 - Ed.Ling.Originale:1992] a"16 p. (prefazione: no ; testo: 16 [pagine: 59-74])" aNuove Possibilità per Emittenza Internazionale. Diffusione a Bassa Frequenza e Diffusione via Satellite: Situazione e Futuro. aTECNICA RADIOFONICA eCodice materia Spics: 6902